Pre klienta všetko a pre bonitného ešte viac s Petrom Farkašom o wealth managemente, privátnom bankovníctve a ich možnostiach

Wealth management ako vyššie štádium privátneho bankovníctva. Komplexné zastrešenie starostlivosti o majetok nielen v oblasti zhodnocovania cenných papierov, ale aj nadštandardné služby pre bonitných klientov.

Guardado en:
Detalles Bibliográficos
Autor principal: Škriniar, Pavel, 1979-
Formato: Capítulo de libro
Lenguaje:eslovaco
Materias:
Etiquetas: Agregar Etiqueta
Sin Etiquetas, Sea el primero en etiquetar este registro!

MARC

LEADER 00000naa a2200000 4500
001 0120266
005 20240502072339.9
041 0 |a slo 
044 |a SK 
245 1 0 |a Pre klienta všetko a pre bonitného ešte viac  |b s Petrom Farkašom o wealth managemente, privátnom bankovníctve a ich možnostiach  |c Pavel Škriniar 
520 |a Wealth management ako vyššie štádium privátneho bankovníctva. Komplexné zastrešenie starostlivosti o majetok nielen v oblasti zhodnocovania cenných papierov, ale aj nadštandardné služby pre bonitných klientov. 
610 2 0 |a bankovníctvo 
610 2 0 |a banky 
610 2 0 |a banky súkromné 
610 2 0 |a poradenstvo finančné 
610 2 0 |a služby investičné 
610 2 0 |a starostlivosť poradenská 
610 2 0 |a poradcovia finanční 
610 2 0 |a služby bankové 
610 2 0 |a služby doplnkové 
610 2 0 |a bonita 
610 2 0 |a klienti 
610 2 0 |a bohatí 
100 1 |a Škriniar, Pavel, 1979-